Central Library OPAC University of Rajshahi

Aristotle fundamentals of the history of his development / (Record no. 1646)

MARC details
000 -LEADER
fixed length control field 00901cam a22002771 4500
001 - CONTROL NUMBER
control field 1646
003 - CONTROL NUMBER IDENTIFIER
rucl marc code BD-RjUL
005 - DATE AND TIME OF LATEST TRANSACTION
control field 20211208233359.0
008 - FIXED-LENGTH DATA ELEMENTS--GENERAL INFORMATION
fixed length control field 131208r19671934enk 001 0 eng
035 ## - SYSTEM CONTROL NUMBER
System control number (BD-RjUL)1673
040 ## - CATALOGING SOURCE
Original cataloging agency DLC
Transcribing agency CtU
Modifying agency OCoLC
-- DCHS
-- BD-RjUL
Language of cataloging eng
041 1# - LANGUAGE CODE
Language code of text/sound track or separate title eng
Language code of original ger
082 00 - DEWEY DECIMAL CLASSIFICATION NUMBER
Classification number 185.1
Edition number 16
Author mark and year JAA 1967
100 1# - MAIN ENTRY--PERSONAL NAME
Personal name Jaeger, Werner
Dates associated with a name 1888-1961.
9 (RLIN) 5440
245 00 - TITLE STATEMENT
Title Aristotle fundamentals of the history of his development /
Statement of responsibility, etc. by Werner Jaeger; translated, with the author's corrections and additions by Richard Robinson.
260 ## - PUBLICATION, DISTRIBUTION, ETC. (IMPRINT)
Place of publication, distribution, etc. Oxford :
Name of publisher, distributor, etc. The Clarendon Press,
Date of publication, distribution, etc. 1934 [reprinted 1967]
300 ## - PHYSICAL DESCRIPTION
Pagination 475 p. ;
Size 23 cm.
504 ## - BIBLIOGRAPHY, ETC. NOTE
Bibliography, etc Includes index.
600 00 - SUBJECT ADDED ENTRY--PERSONAL NAME
Personal name Aristotle.
650 #0 - SUBJECT ADDED ENTRY--TOPICAL TERM
Topical term or geographic name as entry element Philosophy, Ancient.
9 (RLIN) 3836
700 1# - ADDED ENTRY--PERSONAL NAME
Personal name Robinson, Richard,
Dates associated with a name 1902-
942 ## - ADDED ENTRY ELEMENTS (KOHA)
Source of classification or shelving scheme Dewey Decimal Classification
Koha item type Books
Holdings
Lost status Source of classification or shelving scheme Damaged status Not for loan Collection code Permanent Location Current Location Shelving location Date acquired Source of acquisition Cost, normal purchase price Total Checkouts Full call number Date last seen Copy number Koha item type
  Dewey Decimal Classification     Non-fiction Central Library, University of Rajshahi Central Library, University of Rajshahi Reading Room 25/06/1970 zeithinger 14.00   185.1 JAA 1967 08/12/2013 C-1 Books
  Dewey Decimal Classification     Non-fiction Central Library, University of Rajshahi Central Library, University of Rajshahi   23/09/1970 Sweets & Zeitlinger 14.00   185.1 JAA 1967 12/06/2014 C-3 Books
  Dewey Decimal Classification     Non-fiction Central Library, University of Rajshahi Central Library, University of Rajshahi   25/06/1970 Zeitlinger 14.00   185.1 JAA 1967 12/06/2014 C-2 Books